Ordinary differential equations /
Guardado en:
| Autor Principal: | |
|---|---|
| Formato: | Libro |
| Idioma: | English |
| Publicado: |
New York :
Wiley,
c1971.
|
| Series: | Applied mathematics series
|
| Materias: | |
| Etiquetas: |
Agregar Etiqueta
Sin Etiquetas, Sea el primero en etiquetar este registro!
|
| LEADER | 00674cam a2200217 a 4500 | ||
|---|---|---|---|
| 001 | MAT.inmabb004667 | ||
| 008 | 710218s1971####nyu######b####001#0#eng## | ||
| 005 | 20130315102802.0 | ||
| 245 | 1 | 0 | |a Ordinary differential equations / |c William T. Reid. |
| 260 | |a New York : |b Wiley, |c c1971. | ||
| 300 | |a xv, 553 p. ; |c 24 cm. | ||
| 490 | 0 | |a Applied mathematics series | |
| 504 | |a Bibliografía: p. [529]-542. | ||
| 510 | 4 | |a MR, |c 42 #7963 | |
| 020 | |a 0471714992 | ||
| 100 | 1 | |a Reid, William T. |q (William Thomas), |d 1907-1977. | |
| 650 | 0 | |a Differential equations. | |
| 084 | |a 34-01 |2 msc2000 | ||
| 010 | |a 74123745 | ||
| 040 | |a DLC |c DLC |d DLC | ||
| 859 | |h 34 |i R353 |p A-4544 |b BIB. MATEMATICA | ||
